Zarándoklat a szentségimádás ügyért Varga Mihály lourdes-i útja 1899-ben /
Elmentve itt :
| Szerző: | |
|---|---|
| További közreműködők: | |
| Dokumentumtípus: | Könyv része |
| Megjelent: |
2019
|
| Sorozat: | A vallási kultúrakutatás könyvei
Papok, szentek, felekezetek : válogatott vallási néprajzi írások |
| Kulcsszavak: | Hitélet - katolikus - Csongrád város, Zarándoklat - Lourdes, Útleírás |
| Tárgyszavak: | |
| Online Access: | http://acta.bibl.u-szeged.hu/68941 |
| LEADER | 00987naa a2200241 i 4500 | ||
|---|---|---|---|
| 001 | acta68941 | ||
| 005 | 20211123155341.0 | ||
| 008 | 200512s2019 hu o 0|| hun d | ||
| 020 | |a 978-963-306-650-8 | ||
| 022 | |a 2064-4825 | ||
| 040 | |a SZTE Egyetemi Kiadványok Repozitórium |b hun | ||
| 041 | |a hun | ||
| 100 | 1 | |a Gyöngyössy Orsolya | |
| 245 | 1 | 0 | |a Zarándoklat a szentségimádás ügyért |h [elektronikus dokumentum] : |b Varga Mihály lourdes-i útja 1899-ben / |c Gyöngyössy Orsolya |
| 260 | |c 2019 | ||
| 300 | |a 110-123 | ||
| 490 | 0 | |a A vallási kultúrakutatás könyvei | |
| 490 | 0 | |a Papok, szentek, felekezetek : válogatott vallási néprajzi írások | |
| 650 | 4 | |a Bölcsészettudományok | |
| 650 | 4 | |a Filozófia, etika és vallástudományok | |
| 695 | |a Hitélet - katolikus - Csongrád város, Zarándoklat - Lourdes, Útleírás | ||
| 700 | 0 | 1 | |a Varga Mihály |
| 856 | 4 | 0 | |u http://acta.bibl.u-szeged.hu/68941/1/vallasi_kulturakutatas_konyvei_041_110-123.pdf |z Dokumentum-elérés |